Theoretical and conceptual evolution of unpaid work: review and comments (Record no. 533085)
[ view plain ]
| 000 -LEADER | |
|---|---|
| fixed length control field | 01370nam a22001457a 4500 |
| 008 - FIXED-LENGTH DATA ELEMENTS--GENERAL INFORMATION | |
| fixed length control field | 260422b ||||| |||| 00| 0 eng d |
| 100 ## - MAIN ENTRY--PERSONAL NAME | |
| Personal name | Singh, Anushka and Meher, Surendra |
| 245 ## - TITLE STATEMENT | |
| Title | Theoretical and conceptual evolution of unpaid work: review and comments |
| 260 ## - PUBLICATION, DISTRIBUTION, ETC. (IMPRINT) | |
| Place of publication, distribution, etc | Madhya Pradesh Journal of Social Sciences |
| 300 ## - PHYSICAL DESCRIPTION | |
| Extent | 29(2), Dec, 2024: p.1-15 |
| 520 ## - SUMMARY, ETC. | |
| Summary, etc | This study traces the evolution of the concept of ‘unpaid work’ and its theoretical evolution from the perspective of gender. Several dominant theoretical framework son feminist concerns have been discussed in an attempt to explain the reason for existence of the ‘unpaid work’. The need for such theoretical analysis arises from both sociological and economic perspectives that bear consequences on women’s lives and experiences. Building on these conceptual and theoretical underpinnings, this study will helps in building a strong literature base for further research and policy guidelines helping in the recognition, redistribution and reduction of women’s unpaid work.-Reproduced https://mpissr.org/wp-content/uploads/2025/05/MPJSS-292-December-2024.pdf |
| 650 ## - SUBJECT ADDED ENTRY--TOPICAL TERM | |
| Topical term or geographic name as entry element | Classification of ‘work’, Categorisation of unpaid work, Theoretical evolutions, Gender issues and unpaid work |
| 9 (RLIN) | 60172 |
| 773 ## - HOST ITEM ENTRY | |
| Main entry heading | Madhya Pradesh Journal of Social Sciences |
| 942 ## - ADDED ENTRY ELEMENTS (KOHA) | |
| Item type | Articles |
| Withdrawn status | Lost status | Source of classification or shelving scheme | Damaged status | Not for loan | Permanent location | Current location | Date acquired | Serial Enumeration / chronology | Barcode | Date last seen | Koha item type |
|---|---|---|---|---|---|---|---|---|---|---|---|
| Indian Institute of Public Administration | Indian Institute of Public Administration | 2026-04-22 | 29(2), Dec, 2024: p.1-15 | AR138597 | 2026-04-22 | Articles |
